000
00317 a2200109 4500
001
ART_11219
005
20260410161855.0
008
260409a
245
1
0
_a
Keynes como economista político
100
1
_a
Robbins, Lionel
773
0
_t
Revista de Economía
_g
- Nº 38/39 (sep./dic. 1983)
_w
REV11077
999
_c
25389
_d
25389